|
|
|
|
| LEADER |
00000nab a2200000 a 4500 |
| 001 |
vtls000409906 |
| 003 |
SK-MaSNL |
| 005 |
20260305003848.0 |
| 008 |
250424c1991 xo 0 slo |
| 015 |
|
|
|a SNBRB19rr/mm-uuuuu
|
| 035 |
|
|
|a CL0410030
|
| 035 |
|
|
|a urn:nbn:sk:snk-ab25ez
|
| 035 |
|
|
|a (urnnbn)urn:nbn:sk:snk:ar-a01oob
|
| 035 |
|
|
|a (uuid)3c0a428b-d811-4f73-84b5-868f9a406dcc
|
| 040 |
|
|
|a SNKBUCL
|b slo
|c SNKBUCL
|e AACR2
|
| 041 |
0 |
|
|a slo
|
| 044 |
|
|
|a xo
|c SK
|
| 080 |
|
|
|a 78.071.20:785.11
|2 1981
|
| 080 |
|
|
|a 785.11
|2 1981
|
| 100 |
1 |
|
|a Bukovinská, Júlia,
|d 1956-
|4 aut
|9 169562
|
| 245 |
1 |
0 |
|a ŠFK v závere roka
|c Júlia Bukovinská
|
| 300 |
|
|
|b Obr. 1.
|
| 610 |
2 |
7 |
|a Štátna filharmónia Košice
|2 snkbucl
|9 56989
|
| 655 |
|
7 |
|a články z novín a časopisov
|2 snkbucl
|9 267496
|
| 773 |
0 |
|
|t Hudobný život 91
|g Roč. 23, č. 3 (1991), s. 4
|
| 850 |
|
|
|a Slovenská národná knižnica
|
| 852 |
|
|
|a Slovenská národná knižnica
|
| 954 |
|
|
|a odborná, vedecká literatúra pôvodná (slovenská)
|2 lita
|
| 957 |
|
|
|a 5403
|
| 958 |
|
|
|a article27
|
| 958 |
|
|
|a OND
|
| 958 |
|
|
|a RK
|
| 958 |
|
|
|a EUIPO
|
| 992 |
|
|
|a RBX
|
| 999 |
|
|
|c 3232829
|d 3234759
|